The last chronicle of barset
Uloženo v:
| Hlavní autor: | |
|---|---|
| Médium: | Kniha |
| Jazyk: | Undetermined |
| Vydáno: |
London
Every man's library
1995
|
| Témata: | |
| Tagy: |
Přidat tag
Žádné tagy, Buďte první, kdo otaguje tento záznam!
|
| Thư viện lưu trữ: | Trung tâm Học liệu Trường Đại học Cần Thơ |
|---|
| LEADER | 00471nam a2200169Ia 4500 | ||
|---|---|---|---|
| 001 | CTU_47230 | ||
| 008 | 210402s9999 xx 000 0 und d | ||
| 082 | |a 823.8 | ||
| 082 | |b T847L/1995 | ||
| 100 | |a Anthony Trollope | ||
| 245 | 4 | |a The last chronicle of barset | |
| 245 | 0 | |c Anthony Trollope | |
| 260 | |a London | ||
| 260 | |b Every man's library | ||
| 260 | |c 1995 | ||
| 650 | |a english fiction - 19th century | ||
| 980 | |a Trung tâm Học liệu Trường Đại học Cần Thơ | ||